000
00247nam a2200109Ia 4500
008
240625s9999 xx 000 0 und d
041
_a
eng
082
_a
658.421 GUP
100
_a
GUPTA C B
245
_a
ENTREPRENEURIAL DEVELOPMENT
260
_c
2012
999
_c
38107
_d
38107